000 00286nam a2200133 i 4500
001 bg
100 1 _aALBRECHT, W.
245 0 _aPoliamidy /
_cW. Albrecht.
260 _aWarszawa,
_c1964.
040 _cBPK
041 _apol
942 _cKS
008 s pl f |000 0 pol
999 _c16177
_d16177
856 _uhttp://koha.tu.koszalin.pl/cgi-bin/koha/opac-detail.pl?biblionumber=16177
_yKatalog online BPK